<?xml version="1.0" encoding="UTF-8"?>
<marc:record xmlns:marc="http://www.loc.gov/MARC21/slim">
   <marc:leader>00000nam a2200000 a 4500</marc:leader>
   <marc:datafield ind1="1" ind2=" " tag="100">
      <marc:subfield code="a">Barden, Ingeburg</marc:subfield>
      <marc:subfield code="4">aut</marc:subfield>
      <marc:subfield code="e">Verfasser/-in</marc:subfield>
   </marc:datafield>
   <marc:datafield ind1="1" ind2=" " tag="100">
      <marc:subfield code="a">Vogel, Alfred</marc:subfield>
      <marc:subfield code="4">aut</marc:subfield>
      <marc:subfield code="e">Verfasser/-in</marc:subfield>
   </marc:datafield>
   <marc:datafield ind1="1" ind2=" " tag="100">
      <marc:subfield code="a">Wodraschke, Georg</marc:subfield>
      <marc:subfield code="4">aut</marc:subfield>
      <marc:subfield code="e">Verfasser/-in</marc:subfield>
   </marc:datafield>
   <marc:datafield ind1=" " ind2=" " tag="653">
      <marc:subfield code="a">Hauspflege</marc:subfield>
   </marc:datafield>
   <marc:datafield ind1=" " ind2=" " tag="653">
      <marc:subfield code="a">Softcover</marc:subfield>
   </marc:datafield>
   <marc:datafield ind1=" " ind2=" " tag="653">
      <marc:subfield code="a">Karte</marc:subfield>
   </marc:datafield>
   <marc:datafield ind1=" " ind2=" " tag="653">
      <marc:subfield code="a">Pharmazie / Medizinische Ratgeber</marc:subfield>
   </marc:datafield>
   <marc:datafield ind1=" " ind2=" " tag="653">
      <marc:subfield code="a">Ratgeber</marc:subfield>
   </marc:datafield>
   <marc:datafield ind1="0" ind2="0" tag="245">
      <marc:subfield code="a">Der große TRIAS-Ratgeber Hauskrankenpflege</marc:subfield>
   </marc:datafield>
   <marc:datafield ind1="0" ind2="0" tag="245">
      <marc:subfield code="b">praktisches Wissen zum Lernen und Nachschlagen ; wie Sie sich und dem Kranken den Alltag erleichtern ; einfach und verständlich: Handgriffe Schritt für Schritt erklärt ; [das bewährte Kurs-Programm der Caritas</marc:subfield>
   </marc:datafield>
   <marc:datafield ind1="0" ind2="0" tag="245">
      <marc:subfield code="c">Ingeburg Barden ; Alfred Vogel ; Georg Wodraschke. [In Zusammenarbeit mit dem Deutschen Caritasverband. Textzeichn.: Friedrich Hartmann ; Christine Lackner-Hawighorst</marc:subfield>
   </marc:datafield>
   <marc:datafield ind1=" " ind2="1" tag="264">
      <marc:subfield code="a">Stuttgart</marc:subfield>
      <marc:subfield code="b">TRIAS</marc:subfield>
      <marc:subfield code="c">2006</marc:subfield>
   </marc:datafield>
   <marc:datafield ind1=" " ind2=" " tag="250">
      <marc:subfield code="a">10., aktualisierte Aufl.</marc:subfield>
   </marc:datafield>
   <marc:datafield ind1="1" ind2=" " tag="520">
      <marc:subfield code="a">Angaben aus der Verlagsmeldung

Der grosse TRIAS-Ratgeber Hauskrankenpflege : Praktisches Wissen zum Lernen und Nachschlagen. Wie Sie sich und dem Kranken den Alltag erleichtern. Einfach und verständlich: Handgriffe Schritt für Schritt erklärt. Das bewährte Kurs-Programm der Caritas / von Ingeburg Barden, alfred Vogel, Georg Wodraschke

Der Pflegeklassiker Nr. 1: über 500 000 verkaufte Exemplare. -

Kompetent und sicher zu Hause pflegen. -

Als Pflegeperson kommen auf Sie täglich besondere Aufgaben zu. Hier lernen Sie, diese fachkompetent und mit weniger Mühe zu meistern. Mit dem ausgereiften Programm des Deutschen-Caritas-Verbandes erfahren Sie alles, was für die häusliche Pflege wichtig ist – Tag für Tag. -

Was Ihnen den Alltag erleichtert:

Alle modernen Pflege-Handgriffe sind leicht verständlich erklärt und in über 140 Abbildungen dargestellt.
· Alles über gesunde Ernährung, den richtigen Umgang mit Medikamenten und technische Hilfsmittel
· Viele praktische Tipps, wie Sie das Krankenzimmer einrichten
· Wertvolle Hilfen für ein positives Miteinander in der Familie

Bleiben Sie auf dem Laufenden:

Die aktuelle 10 Auflage bietet Ihnen wichtige Informationen auf neuestem Stand: die Rahmenbedingungen der Pflegeversicherung und die aktuellen Versicherungsleistungen
</marc:subfield>
   </marc:datafield>
   <marc:datafield ind1=" " ind2=" " tag="020">
      <marc:subfield code="a">9783830433392</marc:subfield>
      <marc:subfield code="9">9783830433392</marc:subfield>
   </marc:datafield>
   <marc:datafield ind1=" " ind2=" " tag="020">
      <marc:subfield code="a">3830433395</marc:subfield>
      <marc:subfield code="9">3830433395</marc:subfield>
   </marc:datafield>
   <marc:datafield ind1=" " ind2=" " tag="041">
      <marc:subfield code="a">ger</marc:subfield>
   </marc:datafield>
   <marc:datafield ind1=" " ind2=" " tag="300">
      <marc:subfield code="a">380 S.</marc:subfield>
   </marc:datafield>
</marc:record>
